[Event "OP-2010-0-01285"]
[Site "LSS email"]
[Date "2010.10.12"]
[Round "?"]
[White "Smith, Harry E"]
[Black "Heijnen, Frits"]
[Result "1-0"]
[WhiteElo "552"]
[BlackElo "800"]
[PlyCount "40"]
[EventDate "2010.10.05"]
[EventType "tourn (corr)"]
[EventRounds "4"]
[EventCountry "GER"]
[SourceTitle "Telechess CBM 143"]
[Source "ChessBase"]
[SourceDate "2011.07.15"]
[SourceVersion "1"]
[SourceVersionDate "2011.07.15"]
[SourceQuality "1"]

1. e4 e5 2. Nf3 d6 3. g3 c5 4. Bg2 Nf6 5. d3 Bg4 6. 0-0 d5 7. Bg5 Qb6 8. b3 Nc6 9. Bxf6 gxf6 10. exd5 Nb4 11. a3 Qa6 12. Nbd2 Nxd5 13. Nc4 Nc3 14. Qd2 Nd5 15. Nh4 b5 16. Ne3 Qe6 17. Nxg4 Qxg4 18. Bxd5 Rd8 19. Bc6+ Ke7 20. Bxb5 Rg8 1-0

[Event "LSS OP-2009-0-00972"]
[Site "LSS email"]
[Date "2009.10.19"]
[Round "?"]
[White "Moreira Lopes, Jose Carlos"]
[Black "Heijnen, Frits"]
[Result "1-0"]
[WhiteElo "1339"]
[BlackElo "800"]
[PlyCount "41"]
[EventDate "2009.10.15"]
[EventType "tourn (corr)"]
[EventRounds "4"]
[EventCountry "GER"]
[SourceTitle "Telechess CBM 137"]
[Source "ChessBase"]
[SourceDate "2010.07.15"]
[SourceVersion "1"]
[SourceVersionDate "2010.07.15"]
[SourceQuality "1"]

1. d4 e6 2. e4 Nf6 3. Nc3 d6 4. Nf3 Nbd7 5. Bd3 e5 6. Be3 c6 7. h3 d5 8. exd5 Nxd5 9. Nxd5 Bd6 10. Nc3 Qb6 11. dxe5 Qxb2 12. exd6 Qxc3+ 13. Bd2 Qb2 14. Qe2+ Kf8 15. Qe7+ Kg8 16. Qe8+ Nf8 17. 0-0 Be6 18. Qxa8 Bxa2 19. d7 Qf6 20. Bb4 Be6 21. Qxf8# 1-0